| 000 | 00473nam a2200169 i 4500 | ||
|---|---|---|---|
| 001 | bg | ||
| 100 | 1 |
_aJanowska, Zdzisława _d(1940- ). |
|
| 245 | 0 |
_aOrganizacyjne formy humanizacji pracy produkcyjnej / _cZdzisława Janowska. |
|
| 260 |
_aWarszawa : _bPWE, _c1984. |
||
| 490 | 1 | _aBiblioteka Organizatora Pracy | |
| 650 | 9 | _aPraca | |
| 830 | _aBiblioteka Organizatora Pracy | ||
| 040 | _cBPK | ||
| 041 | _apol | ||
| 942 | _cKS | ||
| 008 | s pl f |000 0 pol | ||
| 999 |
_c1158 _d1158 |
||
| 856 |
_uhttp://koha.tu.koszalin.pl/cgi-bin/koha/opac-detail.pl?biblionumber=1158 _yKatalog online BPK |
||